| 000 | 01024nam a22001937a 4500 | ||
|---|---|---|---|
| 003 | JO-AjAnu | ||
| 005 | 20250923090841.0 | ||
| 008 | 250922b jo ||||| |||| 00| 0 ara d | ||
| 040 |
_aanu _cJO-AjAnu |
||
| 041 | _hara | ||
| 100 |
_aالمنديل، احمد طلال عبدالله _eمعد _966648 |
||
| 245 |
_aاثر ذكاء الأعمال على كفاءة العمليات التشغيلية في مصانع الألبان السعودية = The Impact of Business Intelligence on The Efficiency of Operational Processes in Saudi Dairy Factories _c / اعداد احمد طلال عبدالله المنديل ؛ اشراف هشام علي شطناوي |
||
| 260 | _c2025 | ||
| 300 | _a107 ورقة | ||
| 500 | _aرسالة جامعية (رسالة ماجستير في ادارة الأعمال) كلية الأعمال / جامعة عجلون الوطنية؛ 2025 | ||
| 650 | _vذكاء الأعمال-إدارة اعمال | ||
| 700 |
_aشطناوي، هشام علي _964974 _eمشرف |
||
| 942 |
_2lcc _cTHS _n0 |
||
| 999 |
_c33976 _d33976 |
||